000 00622pam a2200217 a 4500
001 2368428
005 20180215033850.0
008 840518s1985 nyuaf b 001 0 eng
010 _a 84012231
020 _a0070546789 :
_c$26.95 (est.)
040 _aDLC
_cDLC
_dDLC
041 _aeng
080 _a519.5 SAN
082 0 0 _a519.5 SAN
_219
100 1 _a55
101 _aSTA
245 1 0 _aStatistics :
_cDonald H. Sanders, Robert J. Eng, A. Franklin Murph.
504 _aIncludes bibliographical references and index.
906 _a7
_bcbc
_corignew
_d1
_eocip
_f19
_gy-gencatlg
942 _2ddc
_cBK
999 _c42576
_d42576